ARRUPE JESUIT UNIVERSITY

CORONAVIRUS -STOP THE SPREAD - CLEAN,DISINFECT,COVER

Romancing reality : (Record no. 126682)

MARC details
000 -LEADER
fixed length control field 01040cam a22002534a 4500
001 - CONTROL NUMBER
control field 12396209
003 - CONTROL NUMBER IDENTIFIER
control field ARRUPE
005 - DATE AND TIME OF LATEST TRANSACTION
control field 20170817101502.0
008 - FIXED-LENGTH DATA ELEMENTS--GENERAL INFORMATION
fixed length control field 010501s2002 inu 000 0 eng
010 ## - LIBRARY OF CONGRESS CONTROL NUMBER
LC control number 2001002575
020 ## - INTERNATIONAL STANDARD BOOK NUMBER
International Standard Book Number 1587317257 (alk. paper)
040 ## - CATALOGING SOURCE
Original cataloging agency DLC
Transcribing agency DLC
Modifying agency DLC
042 ## - AUTHENTICATION CODE
Authentication code pcc
050 00 - LIBRARY OF CONGRESS CALL NUMBER
Classification number BH39
Item number .M592 2002
082 00 - DEWEY DECIMAL CLASSIFICATION NUMBER
Classification number 111/.85
Edition number 21
300 ## - PHYSICAL DESCRIPTION
Dimensions 24 cm.
100 1# - MAIN ENTRY--PERSONAL NAME
Personal name Montgomery, Marion.
9 (RLIN) 34842
245 10 - TITLE STATEMENT
Title Romancing reality :
Remainder of title homo viator and the scandal called beauty /
Statement of responsibility, etc Marion Montgomery.
260 ## - PUBLICATION, DISTRIBUTION, ETC. (IMPRINT)
Place of publication, distribution, etc South Bend, Ind. :
Name of publisher, distributor, etc St. Augustine's Press,
Date of publication, distribution, etc 2002.
300 ## - PHYSICAL DESCRIPTION
Extent xvii, 138 p. ;
505 0# - FORMATTED CONTENTS NOTE
Formatted contents note Friedrich Schiller as Kantian romantic -- On reading Tolstoy's What is art? -- Seeing the country of reality -- Beauty, that which when seen pleases.
650 #0 - SUBJECT ADDED ENTRY--TOPICAL TERM
Topical term or geographic name as entry element Aesthetics.
9 (RLIN) 34845
650 #0 - SUBJECT ADDED ENTRY--TOPICAL TERM
Topical term or geographic name as entry element Reality.
9 (RLIN) 34846
906 ## - LOCAL DATA ELEMENT F, LDF (RLIN)
a 7
b cbc
c orignew
d 1
e ecip
f 20
g y-gencatlg
942 ## - ADDED ENTRY ELEMENTS (KOHA)
Source of classification or shelving scheme Library of Congress Classification
Koha item type Monograph ( Printed materials)
Holdings
Withdrawn status Lost status Source of classification or shelving scheme Damaged status Not for loan Collection code Home library Current library Shelving location Date acquired Total Checkouts Full call number Barcode Date last seen Date checked out Price effective from Koha item type
    Library of Congress Classification     Main Collection ARRUPE LIBRARY ARRUPE LIBRARY Main Collection 17/08/2017 1 BH39 .M592 2001 46500024631 13/04/2018 19/03/2018 17/08/2017 Monograph ( Printed materials)

 

Arrupe Library. PO Box MP320 Mt Pleasant, Harare, Zimbabwe
263 242 745411|librarian@aju.ac.zw